|
|
|
|
| LEADER |
01411nam a2200373 a 4500 |
| 001 |
000386953 |
| 003 |
CZ BrMZK |
| 005 |
20210406194236.0 |
| 007 |
ta |
| 008 |
010907s1998 xr f 0 eng d |
| 015 |
|
|
|a cnb000631671
|
| 020 |
|
|
|a 80-213-0448-0
|
| 035 |
|
|
|a (OCoLC)41531532
|
| 040 |
|
|
|a BOA001
|b cze
|
| 072 |
|
7 |
|a 532
|x Mechanika tekutin obecně. Mechanika kapalin
|2 Konspekt
|9 6
|
| 080 |
|
|
|a 502/504
|2 MRF
|
| 080 |
|
|
|a 57.01/.05
|2 MRF
|
| 080 |
|
|
|a 538.93
|2 MRF
|
| 080 |
|
|
|a 532.135
|2 MRF
|
| 080 |
|
|
|a (062.534)
|2 MRF
|
| 245 |
0 |
0 |
|a Flow and deformation in biology and environment :
|b [proceedings of the international conference held in Prague (Czech Republic) on september 14-16, 1998] /
|c edited by Jiří Blahovec.
|
| 260 |
|
|
|a Prague :
|b Czech University of Agriculture,
|c 1998
|
| 300 |
|
|
|a viii, 165 s. :
|b il. ;
|c 30 cm
|
| 500 |
|
|
|a Bibliogr.
|
| 650 |
0 |
7 |
|a životní prostředí
|7 ph135446
|2 czenas
|
| 650 |
0 |
7 |
|a biologické systémy
|7 ph118904
|2 czenas
|
| 650 |
0 |
7 |
|a transportní jevy
|7 ph126718
|2 czenas
|
| 650 |
0 |
7 |
|a reologie
|7 ph116042
|2 czenas
|
| 655 |
|
7 |
|a sborníky konferencí
|7 fd133333
|2 czenas
|
| 700 |
1 |
|
|a Blahovec, Jiří,
|d 1942-
|7 jn20000400187
|4 edt
|
| 710 |
2 |
|
|a Česká zemědělská univerzita v Praze
|7 kn20010710172
|
| 910 |
|
|
|a BOA001
|b 4-1054.260
|
| 990 |
|
|
|a BK
|
| 996 |
7 |
|
|b 2610084555
|c 4-1054.260
|l MZK
|r Sklad / do 1 hodiny
|n 3
|p p.v.
|w 000386953
|u 000010
|a 1
|e BOA001
|j MZK50
|s A
|